Most Streamed Tyler, The Creator Songs by Letter - Statistics

General Stats
  • This quiz has been taken 183 times
    50 since last reset
  • The average score is 9 of 24
Answer Stats
Streams Answer % Correct
E 1,246,172,814 EARFQUAKE
89%
S 2,560,368,789 See You Again
89%
L 560,344,924 Like Him
67%
N 823,989,356 NEW MAGIC WAND
61%
A 744,670,230 ARE WE STILL FRIENDS?
56%
G 530,781,840 GONE GONE / THANK YOU
53%
Y 264,673,361 Yonkers
53%
I 377,924,665 I THINK
50%
# 434,147,324 911 / Mr. Lonely
47%
W 429,887,264 WUSYANAME
47%
B 763,316,084 BEST INTEREST
36%
F 175,714,331 FUCKING YOUNG / PERFECT
36%
D 196,943,114 DOGTOOTH
33%
C 132,654,394 CORSO
25%
H 168,177,679 HOT WIND BLOWS
22%
P 316,908,113 Potato Salad
22%
R 345,544,301 RUNNING OUT OF TIME
22%
J 167,525,287 JUGGERNAUT
19%
M 85,460,348 MASSA
19%
T 138,253,598 Thought I Was Dead
19%
O 117,696,197 OKRA
17%
K 14,368,787 KEEP DA O'S
14%
V 28,464,302 VCR
14%
U 8,091,857 Untitled 63
11%
No matching quizzes found
Score Distribution
Percent of People with Each Score
Percentile by Number Answered
Your Score History
You have not taken this quiz since the last reset